00545nam a2200229Ia 4500008004100000041001200041082000600053082001100059100001700070100001100087245005600098250001200154260001100166260002300177260000900200300001500209365002500224650001700249650001300266650001900279650001700298150909s9999 xx 000 0 und d aEnglish a1 bWIN/ME aWindlolz M  eEditor aMerck index: an encyclopedia of chemicals and drugs a9th Ed. aRahway bMerck and company c1976 a400 Pages aRs.133  aBiochemistry aMedicine aPeriodic Chart aPharmacology